=LDR 00000nam 2200000 4500 =001 INLIS000000000020880 =005 20130612115806 =008 ***********************************Ind** =035 ##$$0010-061300000020880 =041 ##$$a Ind =082 ##$$a 651.3 =090 ##$$a 651.3, Ams m =100 ##$$a Amsyan, Zulkifli =245 ##$$a Manajemen kearsipan, Zulkifli Amsyah =260 ##$$a 1990 $b Jakarta =300 ##$$a xii, 292 hlm, ilus, 21 cm =650 ##$$a Manajemen Kearsipan =850 ##$$a NBPNMAT